1882 1195 1960 1505 1146 1068 1676 1749 1251 1905 1083 1729 1638 1720 1286 1951 1803 1571 1964 1829 1240 1403 1795 1974 1758 1039 1319 1879 1621 1751 1724 1074 1847 1288 1723 1921 1014 1880 1476 1856 1731 1075 1664 1007 1553 1192 1459 1802 1913 1115 1207 1599 1360 1031 1331 1070 1784 1112 1099 1733 1879 1928 1192 1643 1821 1741 1795 1250 1818 1993 1170 1210 1208 1401 1443 1960 1059 1659 1618 1357 1060 1466 1437 1010 1999 1403 1065 1122 1937 1581 1658 1700 1428 1970 1660 1484 1424 1576 1666 BCNSPRNW ULIB Ver.6.0+V

เปลี่ยนเป็นภาษาไทย

Change to English
 แสดงรายละเอียดบรรณานุกรม
  กลับหน้าหลัก

Brief Record : Get Marc (ISO 2709) : E-mail record : QR code < ปิดหน้าต่าง
LEADER : 00000nam 2200000uu 4500
001    13399124048
003     ULIB
008    150105s2557||||th 000 0 tha d
020    ^a9786162960543
060  4 ^aWO100^bว865ต
100    ^aวุฒิชัย ธนาพงศธร
245    ^aตำราศัลยศาสตร์ : เส้นและสายในเวชปฏิบัติศัลยกรรม /^cวุฒิชัย ธนาพงศธร,ภาสกร ผาสุขดี
250    ^aพิมพ์ครั้งที่ 1
260    ^aนครนายก :^bภาควิชาศัลยศาสตร์ คณะแพทย์ศาสตร์ มหาวิทยาลัยศรีนครินทรวิโรฒ,^c2557
300    ^a323 หน้า;^b29.5 ซม.
650  4 ^aศัลยกรรม
700    ^aภาสกร ผาสุขดี
710    ^aมหาวิทยาลัยศรีนครินทรวิโรฒ.^bคณะแพทย์ศาสตร์.^bภาควิชาศัลยศาสตร์.
945    ^p1200^l0^i037946
945    ^p1200^l0^i037947
945    ^p1200^l0^i037948
945    ^p1200^l0^i037949
945    ^p1200^l0^i037950
945    ^p1200^l0^i037951
945    ^p1200^l0^i037952
945    ^p1200^l0^i037953
999    ^aเกษร โพธิ์สุวรรณ
รายการนี้ยังไม่มีแท็ก
คุณยังไม่ได้ล็อกอิน คุณสามารถมีกิจกรรมร่วมกับเว็บไซต์ได้ แต่ต้องล็อกอินก่อน ::
  ล็อกอิน

รายการสื่อสารสนเทศ

ลำดับที่ ประเภท เลขเรียก/บาร์โค้ด สถานที่ สถานะ
1. วิทยาศาสตร์การแพทย์ และสุขภาพ
วิทยาศาสตร์การแพทย์ และสุขภาพ
สถานะ=หนังสือเก่า
WO100 ว865ต ฉ.1 
  Barcode: 037946
ห้องสมุดวิทยาเขตสวรรค์ประชารักษ์
►ส่วนจัดเก็บหนังสือเก่า สปร
บนชั้น
  ขอยืม
2. วิทยาศาสตร์การแพทย์ และสุขภาพ
วิทยาศาสตร์การแพทย์ และสุขภาพ
สถานะ=หนังสือเก่า
WO100 ว865ต ฉ.2 
  Barcode: 037947
ห้องสมุดวิทยาเขตสวรรค์ประชารักษ์
►ส่วนจัดเก็บหนังสือเก่า สปร
บนชั้น
  ขอยืม
3. วิทยาศาสตร์การแพทย์ และสุขภาพ
วิทยาศาสตร์การแพทย์ และสุขภาพ
สถานะ=หนังสือเก่า
WO100 ว865ต ฉ.3 
  Barcode: 037948
ห้องสมุดวิทยาเขตสวรรค์ประชารักษ์
►ส่วนจัดเก็บหนังสือเก่า สปร
บนชั้น
  ขอยืม
4. วิทยาศาสตร์การแพทย์ และสุขภาพ
วิทยาศาสตร์การแพทย์ และสุขภาพ
สถานะ=หนังสือเก่า
WO100 ว865ต ฉ.4 
  Barcode: 037949
ห้องสมุดวิทยาเขตสวรรค์ประชารักษ์
►ส่วนจัดเก็บหนังสือเก่า สปร
บนชั้น
  ขอยืม
5. วิทยาศาสตร์การแพทย์ และสุขภาพ
วิทยาศาสตร์การแพทย์ และสุขภาพ
สถานะ=หนังสือเก่า
WO100 ว865ต ฉ.5 
  Barcode: 037950
ห้องสมุดวิทยาเขตสวรรค์ประชารักษ์
►ส่วนจัดเก็บหนังสือเก่า สปร
บนชั้น
  ขอยืม
6. วิทยาศาสตร์การแพทย์ และสุขภาพ
วิทยาศาสตร์การแพทย์ และสุขภาพ
สถานะ=หนังสือเก่า
WO100 ว865ต ฉ.6 
  Barcode: 037951
ห้องสมุดวิทยาเขตสวรรค์ประชารักษ์
►ส่วนจัดเก็บหนังสือเก่า สปร
บนชั้น
  ขอยืม
7. วิทยาศาสตร์การแพทย์ และสุขภาพ
วิทยาศาสตร์การแพทย์ และสุขภาพ
สถานะ=หนังสือเก่า
WO100 ว865ต ฉ.7 
  Barcode: 037952
ห้องสมุดวิทยาเขตสวรรค์ประชารักษ์
►ส่วนจัดเก็บหนังสือเก่า สปร
บนชั้น
  ขอยืม
8. วิทยาศาสตร์การแพทย์ และสุขภาพ
วิทยาศาสตร์การแพทย์ และสุขภาพ
สถานะ=หนังสือเก่า
WO100 ว865ต ฉ.8 
  Barcode: 037953
ห้องสมุดวิทยาเขตสวรรค์ประชารักษ์
►ส่วนจัดเก็บหนังสือเก่า สปร
บนชั้น
  ขอยืม

รายการใกล้เคียง
    ผู้แต่ง [วุฒิชัย ธนาพงศธร]

    หัวเรื่อง [ศัลยกรรม]

BibComment


ยังไม่เคยถูกคอมเมนท์

คอมเมนท์ทรัพยากรรายการนี้
  คอมเมนท์: ตำราศัลยศาสตร์ ..


 Copyright 2026. Bcnsprnw @Library